| 000 | 00660cam a2200241 4500 | ||
|---|---|---|---|
| 008 | 090401t1998 xxu||||| |||| 00| 0 eng d | ||
| 020 | _a0854068546 | ||
| 035 | _a(Sirsi) u81496 | ||
| 041 | _aeng | ||
| 050 | _a346.410435 | ||
| 110 |
_aRoyal Institution of Chartered Surveyors _94900 |
||
| 245 | _aRights of light and how to deal with them. | ||
| 250 | _a3rd ed. | ||
| 260 |
_aLondon _bRICS _c1998 |
||
| 300 | _a118p. : ill. ; 21cm. | ||
| 350 | _a13 | ||
| 520 | _aSuperseded by 4th ed. (ISBN 1842192221) | ||
| 650 |
_aRights of light _96267 |
||
| 690 | _aPROPERTY LAW AND PRACTICE | ||
| 700 | _aAnstey, John | ||
| 942 | _n0 | ||
| 948 | _c16/10/1997 | ||
| 999 |
_c96722 _d96722 |
||